Αποκάλυψη του Ιωάννη

Αποθηκεύτηκε σε:
Λεπτομέρειες βιβλιογραφικής εγγραφής
Κύριος συγγραφέας: Ιωάννης ο Ευαγγελιστής, θ. π. 100
Άλλοι συγγραφείς: Βιρβίλλης, Ζήσιμος (Μεταφραστής)
Μορφή: Βιβλίο
Γλώσσα:Greek
Δημοσίευση: [χ.τ.] : [χ.ό.], [19--].
Θέματα:
Ετικέτες: Προσθήκη ετικέτας
Δεν υπάρχουν, Καταχωρήστε ετικέτα πρώτοι!

MARC

LEADER 00000cam a2200000 i 4500
001 1/23198
008 121003q19uu gr | ||| |||| ||gre||
035 |l 10113197 
040 |a GR-MyUA  |b gre  |e AACR2 
041 0 |a gre 
082 0 |a 228   |2 (22) 
100 0 |a Ιωάννης ο Ευαγγελιστής,   |d θ. π. 100. 
245 1 0 |a Αποκάλυψη του Ιωάννη /   |c Η μετάφραση έγινε από τον Ζήσιμο Βιρβίλλη.  
260 |a [χ.τ.] :   |b [χ.ό.],   |c [19--].  
300 |a 63 σ. :   |b εικ. ;   |c 21 εκ.  
650 0 0 |a Revelation. 
650 0 0 |a Bible. N.T. Revelation. 
700 1 |a Βιρβίλλης, Ζήσιμος,  |e trl 
852 |a INST  |b SAMOS  |e 20121003  |h 228 ΑΠΟ  |p 005300033659  |q 005300033659  |t BK  |y 0 
901 |a BIBL3-2012-3 
909 |a Σ  |b 172461 
970 |a ΓΟΥΒΑΛΑ  |b ΒΑΣΩ  |z 2012/10/03